| 000 | 00993nam a2200253Ia 4500 | ||
|---|---|---|---|
| 001 | 16294 | ||
| 003 | GE_BSU | ||
| 008 | 181216s||||||||xx |||||||||||||| ||und|| | ||
| 020 | _aISBN 978-9941-15-837-7 | ||
| 040 | _cGE_BSU | ||
| 080 | _a94(38).05 | ||
| 100 | _aთუკიდიდე | ||
| 245 | _aისტორია | ||
| 245 | _cრედ.დიანა ყასუმაშვილი;მთარგმნ.ლევან გორდეძიანი;დიზაინერი:ია მახათაძე | ||
| 260 | _aთბილისი | ||
| 260 | _bბაკურ სულაკაურის გამ-ბა, | ||
| 260 | _c2013 | ||
| 300 | _a343გვ. 22სმ. | ||
| 300 | _bყდაზე: ჰოპლიტების გამოსახულება, ძველი ბერძნ. ლარნაკი. | ||
| 541 | _h12ლ. | ||
| 653 | _aისტორია | ||
| 653 | _aპელოპონესის ომი; | ||
| 942 | _cBK | ||
| 999 |
_c49377 _d49377 |
||